[Event "quick players"]
[Site "SchemingMind.com"]
[Date "2012.10.26"]
[Round "-"]
[White "Ricsige"]
[Black "Marc Wakeham"]
[Result "0-1"]
[WhiteCountry "AHO"]
[BlackCountry "WLS"]
[WhiteElo "1424"]
[WhiteRD "66"]
[BlackElo "1633"]
[BlackRD "60"]
[GameID "319886"]

1. d4 d6 2. c4 Nf6 3. Nc3 g6 4. e4 Bg7 5. f3 O-O 6. Be3 c5 7. dxc5 Qa5 8. Qc2 Nc6 9. Qa4= Qxa4 10. Nxa4 Nb4
11. Kf2 Nc2 12. Rc1 Nxe3 13. Kxe3 dxc5 14. Nxc5 Nd7 15. Nxd7 Bxd7 16. b3 Rfd8 17. Ne2 Bc6 18. g3 Rd7 19. f4 Rad8 20. Bg2 Rd3+
21. Kf2 Rd2 22. Ra1 Bxa1
0-1

[Event "quick players"]
[Site "SchemingMind.com"]
[Date "2012.10.25"]
[Round "-"]
[White "ray winteringham"]
[Black "Marc Wakeham"]
[Result "0-1"]
[WhiteCountry "ENG"]
[BlackCountry "WLS"]
[WhiteElo "1468"]
[WhiteRD "53"]
[BlackElo "1633"]
[BlackRD "60"]
[GameID "319887"]

1. d4 d6 2. e4 Nf6 3. Bd3 g6 4. Ne2 Bg7 5. Be3 O-O 6. O-O Nc6 7. h3 a6 8. Nd2 b5 9. c4 bxc4 10. Bxc4 Na5
11. b4 Nxc4 12. Nxc4 Nxe4 13. f3 Nf6 14. a4 Be6 15. Na5 Nd5 16. Qd2 Nxe3 17. Qxe3 Qb8 18. Nc6 Qe8 19. Nf4 Bd7 20. Na5 Qb8
21. Nd5 Re8 22. Rfc1 Be6 23. Nxc7 Qxb4 24. Nxe8 Rxe8 25. Nc6 Qb6 26. Qg5 Bf6 27. Qd2 Kf8 28. Kh1 Bd5 29. Nb4 Bb7 30. Rc4 d5
31. Rc5 e6 32. Rb1 Qd6 33. Rbc1 Kg7 34. Qd3 Ra8 35. a5 Be7 36. R5c2 Qxb4 37. Rc7 Bd6 38. R7c3 Qxa5 39. Qb1 Qd8 40. Qxb7 a5
41. Qb3 a4 42. Qa2 a3 43. g4 h6 44. Rb1 Qa5 45. Rcb3 Ra7 46. Kg1 Qc7 47. Ra1 Qa5 48. Kf2 f5 49. Qe2 Bb4 50. Qxe6 a2
51. Qe3 Bd2 52. Qe2 Bf4 53. Rb2 Qa4 54. Qd3 Kf6 55. Qc3 Qa6 56. Qb3 Qa3 57. Qxa3 Rxa3 58. Raxa2 Be3+ 59. Ke2 Bxd4 60. Rc2 Re3+
61. Kd1 Rxf3 62. gxf5 Kxf5 63. Ra5 Ke4 64. Rh2 g5 65. Ke2 Rb3 66. Ra4 Rb2+
0-1

[Event "quick players"]
[Site "SchemingMind.com"]
[Date "2012.10.31"]
[Round "-"]
[White "simpet"]
[Black "Steven DuCharme"]
[Result "1-0"]
[WhiteCountry "ENG"]
[BlackCountry "USA"]
[WhiteElo "1591"]
[WhiteRD "59"]
[BlackElo "1520"]
[BlackRD "55"]
[GameID "320329"]

1. e4 c6 2. d4 d5 3. Nc3 dxe4 4. Nxe4 Bf5 5. f3 Nf6 6. Nxf6+ exf6 7. Bd3 Bg6 8. Ne2 Bd6 9. O-O Qc7 10. g3 Nd7
11. Nf4 O-O-O 12. c4 Kb8 13. c5 Bxc5 14. dxc5 Nxc5 15. Nxg6 hxg6 16. Bf4 Qxf4 17. gxf4 Rxd3 18. Qc2 Rd5 19. Rad1 Rf5 20. Qc4 Ne6
21. Rd7 Rxf4 22. Qc3
1-0

[Event "quick players"]
[Site "SchemingMind.com"]
[Date "2012.10.31"]
[Round "-"]
[White "simpet"]
[Black "Marc Wakeham"]
[Result "1-0"]
[WhiteCountry "ENG"]
[BlackCountry "WLS"]
[WhiteElo "1591"]
[WhiteRD "59"]
[BlackElo "1633"]
[BlackRD "60"]
[GameID "320330"]

1. e4 d6 2. Nf3 g6 3. d4 Bg7 4. c3 Nf6 5. Bd3 O-O 6. O-O c5 7. Be3 cxd4 8. cxd4 Bg4 9. h3 Bxf3 10. Qxf3 Nc6
11. Nc3 a6 12. Ne2 b5 13. Qg3 Rc8 14. f4 Nb4 15. Bd2 Nxd3 16. Qxd3 Rc7 17. a4 bxa4 18. Rxa4 Rb7 19. b4 Qd7 20. Rxa6 Ra7
21. b5 Rfa8 22. Rfa1 Rxa6 23. bxa6 Ne8 24. Qb3 Qa7 25. Bc3 Nc7 26. Qb7 Nxa6 27. Qc6 h5 28. Kh1 Kh7 29. e5 dxe5 30. dxe5 e6
31. Bd4 Qb8 32. Rxa6 Rxa6 33. Qxa6 Qb1+ 34. Kh2 Qd1 35. Qc4 Bf8 36. Nc3 Qc1 37. g3 Qd2+ 38. Kg1 Qe1+ 39. Kg2 Qd2+ 40. Ne2 Kg7
41. h4 Qd1 42. Kf3 Qf1+ 43. Ke3 Ba3 44. Qc3 Be7 45. Bc5 Bxc5+ 46. Qxc5 Qb1 47. Kf2 Qb2 48. Qe3 Qc2 49. Qc1 Qe4 50. Qd1 Qc6
51. Nd4 Qc5 52. Qd2 f5 53. exf6+ Kxf6 54. Qe3
1-0

[Event "quick players"]
[Site "SchemingMind.com"]
[Date "2012.10.31"]
[Round "-"]
[White "simpet"]
[Black "fouche"]
[Result "0-1"]
[WhiteCountry "ENG"]
[BlackCountry "COL"]
[WhiteElo "1591"]
[WhiteRD "59"]
[BlackElo "1608"]
[BlackRD "65"]
[GameID "320331"]

1. e4 c5 2. Bc4 e6 3. Nf3 d5 4. exd5 exd5 5. Be2 Nf6 6. O-O Nc6 7. Bb5 Bd7 8. Re1+ Be7 9. Nc3 O-O 10. b3 a6
11. Bd3 h6 12. Ne5 Bd6 13. Nxd7 Qxd7 14. Na4 Qc7 15. g3 Rfe8 16. c3 b5 17. Nb2 Rxe1+ 18. Qxe1 Re8 19. Qf1 d4 20. Be2 Ne4
21. Nd3 c4 22. bxc4 bxc4 23. Nb2 d3 24. Bf3 Nd8 25. Nd1 Ng5 26. Bd5 Nde6 27. Ne3 h5 28. Nf5 Qc5 29. Nxd6 Qxd6 30. Bxc4 Nf3+
31. Kg2 Ne5 32. Bb3 Qc6+ 33. f3 Ng5 34. Bd1 Qd7 35. f4 Qh3+ 36. Kg1 Nef3+ 37. Bxf3 Nxf3+ 38. Qxf3 Re1+
0-1

[Event "quick players"]
[Site "SchemingMind.com"]
[Date "2012.10.31"]
[Round "-"]
[White "simpet"]
[Black "Phillip Beckett"]
[Result "1/2-1/2"]
[WhiteCountry "ENG"]
[BlackCountry "ENG"]
[WhiteElo "1591"]
[WhiteRD "59"]
[BlackElo "1626"]
[BlackRD "49"]
[GameID "320332"]

1. d4 e5 2. dxe5 Nc6 3. Nf3 Qe7 4. Bf4 Qb4+ 5. Nbd2 Qxf4 6. g3 Qb4 7. b3 Qc3 8. e3 Nxe5 9. Nxe5 Qxe5 10. Bg2 Bb4
11. O-O Nf6 12. Nc4 Qh5 13. a3 Be7 14. Bf3 Qh6 15. Qe2 c6 16. Rad1 d5 17. Ne5 O-O 18. b4 Bd6 19. Ng4 Nxg4 20. Bxg4 Bxg4
21. Qxg4 f5 22. Qd4 Qf6 23. Qd3 Rae8 24. f4 Qe6 25. Rfe1 Qe4 26. Qb3 Qf3 27. Rd3 Qg4 28. c4 Bb8 29. cxd5 cxd5 30. Qxd5+ Rf7
31. Rc3 Rf8 32. a4 b6 33. a5 Qg6 34. Rc6 Qh5 35. axb6 axb6 36. Rxb6 Ba7 37. Rc6 g5 38. Kh1 gxf4 39. exf4 Kh8 40. Rce6 Rd7
41. Qe5+ Rg7 42. Kg2 Rc8 43. Re7 Rc2+ 44. Re2 Rxe2+ 45. Qxe2 Qxe2+ 46. Rxe2 Rb7 47. Rb2 Rb5 48. Rb3 Bc5 49. h3 Bxb4 50. g4 fxg4
51. hxg4 Rb6 52. Kf3 Bc5 53. Rxb6 Bxb6 54. g5 Kg7 55. Kg4 Be3 56. f5 Kf7 57. Kh5 Kg7 58. f6+ Kf7 59. Kh6 Bf4=
1/2-1/2

[Event "quick players"]
[Site "SchemingMind.com"]
[Date "2012.10.31"]
[Round "-"]
[White "simpet"]
[Black "lennart"]
[Result "0-1"]
[WhiteCountry "ENG"]
[BlackCountry "SWE"]
[WhiteElo "1591"]
[WhiteRD "59"]
[BlackElo "1490"]
[BlackRD "55"]
[GameID "320333"]

1. d4 d5 2. Nf3 Nc6 3. c4 dxc4 4. e3 Qd5 5. Nc3 Qd6 6. Bxc4 Nd8 7. O-O e6 8. Ne4 Qe7 9. b3 Nc6 10. a4 a6
11. Ba3 Nb4 12. Nc5 a5 13. e4 Ra7 14. Qd2 b6 15. Nd3 Qd8 16. Nxb4 axb4 17. Bxb4 Bxb4 18. Qxb4 Ne7 19. Bb5+ c6 20. Bc4 O-O
21. Rad1 Qc7 22. Rd3 Bb7 23. Rfd1 Rd8 24. Ne5 h6 25. Qd2 Qd6 26. Qf4 f6 27. Qg4 Bc8 28. Ng6 Nxg6 29. Qxg6 Ba6 30. Rf3 Bxc4
31. bxc4 e5 32. Rxf6 Qxf6 33. Qxf6 gxf6 34. d5 c5 35. Ra1 Ra5 36. f3 Kg7 37. Kf2 Kg6 38. h4 f5 39. Ke3 f4+ 40. Ke2 Kh5
41. Kf2 Kxh4 42. Rh1+ Kg5 43. Ra1 h5 44. g3 h4 45. gxh4+ Kxh4 46. Ke2 Kg5 47. Kf2 Raa8 48. Rg1+ Kh6 49. Rh1+ Kg7 50. Rg1+ Kf7
51. Ra1 Rh8 52. Ke2 Rag8 53. Rb1 Rh2+ 54. Kd3 Rg3
0-1

[Event "quick players"]
[Site "SchemingMind.com"]
[Date "2012.10.31"]
[Round "-"]
[White "simpet"]
[Black "Odinson"]
[Result "0-1"]
[WhiteCountry "ENG"]
[BlackCountry "USA"]
[WhiteElo "1591"]
[WhiteRD "59"]
[BlackElo "1678"]
[BlackRD "66"]
[GameID "320335"]

1. e4 d5 2. d3 dxe4 3. d4 Nf6 4. Bc4 Bf5 5. Ne2 e6 6. O-O Nd5 7. Nbc3 a6 8. Nf4 c6 9. a3 Bd6 10. Nfxd5 exd5
11. Be2 O-O 12. g3 Bh3 13. Re1 f5 14. Bf1 Bg4 15. Be2 Bxe2 16. Qxe2 f4 17. Qg4 f3 18. Bg5 Be7 19. Bxe7 Qxe7 20. Na4 Nd7
21. c4 b5 22. cxb5 axb5 23. Nc3 Nf6 24. Qh3 Qd7 25. Qxd7 Nxd7 26. a4 bxa4 27. Rxa4 Rxa4 28. Nxa4 Ra8 29. b3 Rb8 30. Rb1 Rb4
31. Nc5 Nxc5 32. dxc5 g5 33. h3 h5 34. Kf1 Kf7 35. Ke1 Ke6 36. Kd2 d4 37. Kc2 Kd5 38. Ra1 e3 39. fxe3 dxe3 40. Kd3 Rxb3+
41. Kc2 Rb5 42. Kd3 e2 43. Ke3 g4 44. Kf2 Rxc5 45. hxg4 hxg4 46. Ke1 Ke5 47. Kd2 Rd5+ 48. Ke1 Rd1+ 49. Rxd1 exd1=Q+ 50. Kxd1 c5
0-1

[Event "quick players"]
[Site "SchemingMind.com"]
[Date "2012.11.01"]
[Round "-"]
[White "simpet"]
[Black "Ricsige"]
[Result "1-0"]
[WhiteCountry "ENG"]
[BlackCountry "AHO"]
[WhiteElo "1591"]
[WhiteRD "59"]
[BlackElo "1424"]
[BlackRD "66"]
[GameID "320336"]

1. d4 Nf6 2. Nc3 d5 3. f4 Nc6 4. Nf3 Bg4 5. h3 Bxf3 6. exf3 e6 7. Be3 Bb4 8. Bd3 O-O 9. O-O Ne7 10. Qd2 Nf5
11. Rfe1 Nxe3 12. Rxe3 Qd6 13. Re5 Nd7 14. Rh5 Nf6 15. Rh4 Qe7 16. a3 Ba5 17. b4 Bb6 18. Ne2 c6 19. Qe1 h6 20. c3 Bc7=
21. Qg3 Kh8= 22. Nc1 b6 23. Bc2 c5 24. Nd3 cxd4 25. cxd4 Rac8 26. Ra2 Bb8 27. Ne5 Bxe5 28. fxe5 Nh7 29. Qf4 g5 30. Qe3 gxh4
31. Qxh6 f6 32. Qxh4 Qg7 33. Kf2 Rg8 34. g4 fxe5 35. dxe5 Rxc2+ 36. Rxc2 Qxe5 37. Re2 Qg5 38. Qg3 Re8 39. h4 Qg7 40. Re5 Qc7
41. g5 Qc2+ 42. Re2 Qd3 43. h5 Qd4+ 44. Kg2 Qd1= 45. Qe5+ Kg8 46. h6 Re7 47. Kf2 Qh1 48. Qd6 Qh2+ 49. Qxh2
1-0

[Event "quick players"]
[Site "SchemingMind.com"]
[Date "2012.10.31"]
[Round "-"]
[White "simpet"]
[Black "ray winteringham"]
[Result "1-0"]
[WhiteCountry "ENG"]
[BlackCountry "ENG"]
[WhiteElo "1591"]
[WhiteRD "59"]
[BlackElo "1468"]
[BlackRD "53"]
[GameID "320337"]

1. d4 d5 2. Nf3 Nf6 3. c4 Nc6 4. e3 Bg4 5. Bd3 e6 6. O-O Bd6 7. c5 Be7 8. h3 Bh5 9. Nbd2 Qd7 10. a3 O-O
11. Qc2 b6 12. b4 Bg6 13. Ne1 e5 14. f4 e4 15. Be2 h6 16. Qc3 Bh5 17. g4 Bg6 18. f5 Bh7 19. Ng2 g6 20. Nh4 g5
21. Ng2 a6 22. cxb6 cxb6 23. b5 axb5 24. Bxb5 Rac8 25. Bb2 Qd6 26. Ba6 Rb8 27. Rfc1 Na7 28. Qc7 Ra8 29. a4 Bd8 30. Qxd6 Nc8
31. Bxc8
1-0

[Event "quick players"]
[Site "SchemingMind.com"]
[Date "2012.10.31"]
[Round "-"]
[White "Steven DuCharme"]
[Black "simpet"]
[Result "0-1"]
[WhiteCountry "USA"]
[BlackCountry "ENG"]
[WhiteElo "1520"]
[WhiteRD "55"]
[BlackElo "1591"]
[BlackRD "59"]
[GameID "320338"]

1. g3 d5 2. d4 e6 3. Bg2 Nf6 4. c3 Bd6 5. h3 O-O 6. Nf3 b6 7. O-O c5 8. Bg5 Nbd7 9. Nbd2 h6 10. Be3 e5
11. dxe5 Nxe5 12. Qc2 Be6 13. Nxe5 Bxe5 14. f4 Bc7 15. f5 Bd7 16. g4 Qb8 17. Nf3 Bc6 18. g5 hxg5 19. Nxg5 Bh2+ 20. Kh1 Re8
21. Bg1 Bxg1 22. Kxg1 Qg3 23. Nf3 Re3 24. Qd2 Rae8 25. Qe1 Qxe1 26. Rfxe1 Rxe2 27. b3 Nh5
0-1

[Event "quick players"]
[Site "SchemingMind.com"]
[Date "2012.10.31"]
[Round "-"]
[White "Marc Wakeham"]
[Black "simpet"]
[Result "1-0"]
[WhiteCountry "WLS"]
[BlackCountry "ENG"]
[WhiteElo "1633"]
[WhiteRD "60"]
[BlackElo "1591"]
[BlackRD "59"]
[GameID "320339"]

1. e4 e5 2. Nf3 Nc6 3. d4 f6 4. dxe5 fxe5 5. Bb5 Nf6 6. O-O Bc5 7. Bg5 O-O 8. Bxf6 Qxf6 9. Qd5+ Kh8 10. Qxc5 d6
11. Qc3 Bd7 12. Nbd2 a6 13. Ba4 b5 14. Bb3 a5 15. a3 Ra7 16. Qe3 Nd4 17. Nxd4 exd4 18. Qg3 c5 19. Bd5 Be6 20. Qxd6 Bxd5
21. Qxd5 Rc7 22. Nb3 Rd8 23. Qf5 Qxf5 24. exf5 a4 25. Nc1 Rd5 26. Re1 h6 27. g4 c4 28. Re6 d3 29. cxd3 c3 30. bxc3 Rxc3
31. Re3 Rdc5 32. Ne2 Rc2 33. d4 Rc8 34. Kg2 Kg8 35. Re1 Kf8 36. Nf4 Rb2 37. d5 b4 38. axb4 Rxb4 39. Kg3 Kf7 40. Re7+ Kg8
41. Nh5 a3 42. Rxg7+ Kf8 43. Ree7 Rc3+ 44. Kh4 Rcc4 45. Rgf7+ Kg8 46. Nf6+
1-0

[Event "quick players"]
[Site "SchemingMind.com"]
[Date "2012.10.31"]
[Round "-"]
[White "fouche"]
[Black "simpet"]
[Result "0-1"]
[WhiteCountry "COL"]
[BlackCountry "ENG"]
[WhiteElo "1608"]
[WhiteRD "65"]
[BlackElo "1591"]
[BlackRD "59"]
[GameID "320340"]

1. d4 d5 2. Nf3 Nc6 3. e3 e6 4. Bd3 Nf6 5. O-O Bd6 6. Re1 O-O 7. Nbd2 Nb4 8. a3 Nxd3 9. cxd3 b6 10. e4 Bf4
11. e5 Nd7 12. Nf1 Bxc1 13. Rxc1 Ba6 14. Ne3 c5 15. dxc5 Nxc5 16. d4 Nd3 17. Qa4 Nxe1 18. Nxe1 Bb7 19. f4 a6 20. f5 exf5
21. Nxf5 Qg5 22. Qd7 Qxc1 23. Kf1 Bc8 24. Qxd5 Bxf5
0-1

[Event "quick players"]
[Site "SchemingMind.com"]
[Date "2012.10.31"]
[Round "-"]
[White "Phillip Beckett"]
[Black "simpet"]
[Result "1/2-1/2"]
[WhiteCountry "ENG"]
[BlackCountry "ENG"]
[WhiteElo "1626"]
[WhiteRD "49"]
[BlackElo "1591"]
[BlackRD "59"]
[GameID "320341"]

1. e4 e5 2. Nf3 Nc6 3. Bb5 Nge7 4. Bxc6 Nxc6 5. d4 Bb4+ 6. c3 Bd6 7. d5 Ne7 8. O-O O-O 9. h3 c6 10. dxc6 bxc6
11. Qxd6 f6 12. Be3 Ba6 13. Rd1 Nc8 14. Qd2 Nb6 15. Bxb6 axb6 16. Qxd7 Qxd7 17. Rxd7 Rad8 18. Rxd8 Rxd8 19. Nbd2 Be2 20. Re1 Bd3
21. Re3 c5 22. Ne1 Ba6 23. Nef3 h6 24. b3 g5 25. c4 h5 26. Kf1 g4 27. hxg4 hxg4 28. Ke2 gxf3+ 29. Nxf3 b5 30. Rd3 Ra8
31. Rd6 Kf7 32. Rd7+ Ke6 33. Rc7 bxc4 34. bxc4 Bxc4+ 35. Kd2 Kd6 36. Rb7 Rxa2+ 37. Kc3 Be6 38. Rb6+ Kd7 39. Nd2 Ra3+ 40. Kc2 f5
41. exf5 Bxf5+ 42. Kb2 Ra4 43. Nf3 e4 44. Ne5+ Ke7 45. Ng6+ Kd7 46. Ne5+ Ke7 47. f3 Rb4+ 48. Rxb4 cxb4 49. fxe4 Bxe4 50. Kb3= Bxg2
51. Kxb4 Ke6 52. Nf3 Bxf3
1/2-1/2

[Event "quick players"]
[Site "SchemingMind.com"]
[Date "2012.10.31"]
[Round "-"]
[White "lennart"]
[Black "simpet"]
[Result "0-1"]
[WhiteCountry "SWE"]
[BlackCountry "ENG"]
[WhiteElo "1490"]
[WhiteRD "55"]
[BlackElo "1591"]
[BlackRD "59"]
[GameID "320342"]

1. e4 e5 2. Nf3 Nc6 3. Nc3 d6 4. d4 f6 5. d5 Nb4 6. a3 Na6 7. Bxa6 bxa6 8. O-O f5 9. exf5 Bxf5 10. Re1 g6
11. h3 Ne7 12. Bg5 h6 13. Bf4 exf4 14. Rc1 Bg7 15. Na4 O-O 16. Qd2 g5 17. Re2 Qd7 18. b3 Ng6 19. c4 Bxh3 20. Re6 Bxe6
21. dxe6 Qxe6 22. Re1 Qf6 23. Nc3 Qxc3
0-1

[Event "quick players"]
[Site "SchemingMind.com"]
[Date "2012.10.31"]
[Round "-"]
[White "Odinson"]
[Black "simpet"]
[Result "1-0"]
[WhiteCountry "USA"]
[BlackCountry "ENG"]
[WhiteElo "1678"]
[WhiteRD "66"]
[BlackElo "1591"]
[BlackRD "59"]
[GameID "320344"]

1. e4 e5 2. f4 f6 3. Nf3 d6 4. Bc4 Nc6 5. Bxg8 Rxg8 6. O-O g6 7. fxe5 fxe5 8. Nc3 Be6 9. d3 Qd7 10. Ng5 O-O-O
11. Nxe6 Qxe6 12. Qf3 Nd4 13. Qf7 Qxf7 14. Rxf7 Nxc2 15. Rb1 Rd7 16. Rf2 Nd4 17. Nd5 Bg7 18. Be3 b6 19. Bxd4 exd4 20. Rc1 c5
21. Rcf1 h5 22. Rf7 Kd8 23. Rxd7+ Kxd7 24. Rf7+ Kc6 25. Ne7+ Kb5 26. Nxg8 Be5 27. Ne7 g5 28. Rf5 Bf4 29. Nd5 Bc1 30. b3 a5
31. Rf6 Bf4 32. Nxf4 gxf4 33. Rxf4 a4 34. Rf6 axb3 35. axb3 Kb4 36. Rxd6 Kxb3 37. Rxb6+ Kc3 38. e5 Kxd3 39. e6 c4 40. e7 c3
41. e8=Q c2 42. Qe1 h4 43. Rh6 Kc4 44. Qd2 d3 45. Rxh4+ Kb3 46. Rd4 Kb2 47. Rxd3 Ka1 48. Rc3 Kb2 49. Qxc2+ Ka1 50. Ra3#
1-0

[Event "quick players"]
[Site "SchemingMind.com"]
[Date "2012.11.01"]
[Round "-"]
[White "Ricsige"]
[Black "simpet"]
[Result "0-1"]
[WhiteCountry "AHO"]
[BlackCountry "ENG"]
[WhiteElo "1424"]
[WhiteRD "66"]
[BlackElo "1591"]
[BlackRD "59"]
[GameID "320345"]

1. d4 Nf6 2. c4 g6 3. f3 Bg7 4. e4 O-O 5. Nc3 d6 6. Be3 Nbd7 7. Bd3 e5 8. d5 c5 9. Nge2 Nh5 10. Qd2 Ndf6
11. O-O Bd7 12. a3 Qc8 13. Rab1 a6 14. b4 b6 15. bxc5 bxc5 16. a4 Rb8 17. Rxb8 Qxb8 18. Rb1 Qc7 19. Qb2 Ra8 20. Qb7 Qd8
21. f4 Bh6 22. Rb6 exf4 23. Bf2 Ne8 24. Rxa6 Rxa6 25. Qxa6 f3 26. gxf3 Qg5+ 27. Ng3 Bh3 28. Bf1 Qc1 29. Qc8 Bxc8
0-1

[Event "quick players"]
[Site "SchemingMind.com"]
[Date "2012.10.31"]
[Round "-"]
[White "ray winteringham"]
[Black "simpet"]
[Result "0-1"]
[WhiteCountry "ENG"]
[BlackCountry "ENG"]
[WhiteElo "1468"]
[WhiteRD "53"]
[BlackElo "1591"]
[BlackRD "59"]
[GameID "320346"]

1. e4 c5 2. b4 cxb4 3. d4 e6 4. c3 Nf6 5. Bg5 Be7 6. Bxf6 Bxf6 7. e5 Be7 8. Be2 b6 9. Bf3 Nc6 10. Ne2 O-O
11. c4 a5 12. d5 Nxe5 13. Qb3 a4 14. Qe3 Nxc4 15. Qd4 b5 16. dxe6 Bf6 17. Qd5 Nb6 18. exf7+ Rxf7 19. Qd6 Bxa1 20. Bxa8 Nxa8
21. Qb8 Nb6 22. O-O d6 23. Nd2 Bc3 24. Ne4 Rb7 25. Qxd6 Qxd6 26. Nxd6 Re7 27. Ng3 Re1 28. Nxb5 Rxf1+ 29. Kxf1 Ba6
0-1